[Event "Dortmund Sparkassen op-B"]
[Site "Dortmund"]
[Date "2010.07.19"]
[Round "3"]
[White "Karamik, Neslihan"]
[Black "Budszuhn, Mirko"]
[Result "1-0"]
[WhiteElo "1152"]
[BlackElo "1404"]
[PlyCount "79"]
[EventDate "2010.07.17"]
[EventType "swiss"]
[EventRounds "9"]
[EventCountry "GER"]
[SourceTitle "EXT 2014"]
[Source "ChessBase"]
[SourceDate "2013.11.20"]
[SourceVersion "1"]
[SourceVersionDate "2013.11.20"]
[SourceQuality "1"]

1. e4 d5 2. exd5 Qxd5 3. Nc3 Qa5 4. d4 c6 5. Bd2 Qb6 6. Nf3 Nf6 7. Bc4 e6 8. Rb1 Bd6 9. 0-0 0-0 10. Be3 Qc7 11. h3 b6 12. b4 Nd5 13. Nxd5 cxd5 14. Bd3 Bf4 15. Qd2 Bxe3 16. Qxe3 Bd7 17. g4 b5 18. h4 a6 19. h5 f5 20. Ne5 Nc6 21. gxf5 exf5 22. f4 Be8 23. Qh3 Nxd4 24. Rf2 Qb6 25. c3 Ne6 26. Kf1 d4 27. Bxf5 Nc7 28. Rc1 dxc3 29. Rxc3 Nd5 30. Be6+ Bf7 31. Bxd5 Bxd5 32. Nd7 Bc4+ 33. Rxc4 Qd6 34. Nxf8 bxc4 35. Qe6+ Qxe6 36. Nxe6 a5 37. a3 axb4 38. axb4 Rb8 39. Rc2 Rxb4 40. Ke2 1-0

[Event "Dortmund Sparkassen op-B"]
[Site "Dortmund"]
[Date "2010.07.17"]
[Round "1"]
[White "Karamik, Neslihan"]
[Black "Gegner, Michael"]
[Result "0-1"]
[WhiteElo "1152"]
[BlackElo "1573"]
[PlyCount "56"]
[EventDate "2010.07.17"]
[EventType "swiss"]
[EventRounds "9"]
[EventCountry "GER"]
[SourceTitle "EXT 2014"]
[Source "ChessBase"]
[SourceDate "2013.11.20"]
[SourceVersion "1"]
[SourceVersionDate "2013.11.20"]
[SourceQuality "1"]

1. e4 e5 2. Nf3 f5 3. Nc3 fxe4 4. Nxe4 d5 5. Nc3 e4 6. Nd4 Nf6 7. d3 c6 8. dxe4 dxe4 9. a4 Bd6 10. Bc4 Bc5 11. Nce2 Nd5 12. 0-0 0-0 13. Nf4 Qd6 14. Nde2 Kh8 15. Nxd5 cxd5 16. Bxd5 Qe5 17. Nc3 Bd6 18. g3 Bh3 19. f4 exf3 20. Rxf3 Nc6 21. Rxf8+ Rxf8 22. Bf4 Qe7 23. Bxd6 Qxd6 24. Qe2 Qc5+ 25. Kh1 Ne7 26. Bg2 Rf2 27. Qxf2 Qxf2 28. Bxh3 g6 0-1